|
|
|
|
| LEADER |
00000nam a2200000Ii 4500 |
| 001 |
DIGOLEJNK1537 |
| 003 |
NyNyDIG |
| 006 |
m o d |
| 007 |
cr ||||||||||| |
| 008 |
251203s2024 cl o 000 0 spa d |
| 035 |
|
|
|a (OCoLC)1440201870
|
| 040 |
|
|
|a DGITA
|b eng
|e rda
|e pn
|c DGITA
|
| 020 |
|
|
|z 9789564074801
|
| 050 |
1 |
4 |
|a K639.5 ebook
|
| 245 |
0 |
4 |
|a Las personas adultas mayores :
|b perfiles desde el derecho civil y familiar /
|c Leonardo B. Pérez Gallardo (coordinador) ; edición al cuidado de Carlos Antonio Agurto Gonzáles, Sonia Lidia Quequejana Mamani, Benigno Choque Cuenca.
|
| 264 |
|
1 |
|a Santiago, Chile :
|b Ediciones Olejnik,
|c [2024]
|
| 300 |
|
|
|a 1 online resource.
|
| 336 |
|
|
|a text
|b txt
|2 rdacontent
|
| 337 |
|
|
|a computer
|b c
|2 rdamedia
|
| 338 |
|
|
|a online resource
|b cr
|2 rdacarrier
|
| 347 |
|
|
|a text file
|2 rdaft
|
| 347 |
|
|
|b PDF
|
| 490 |
1 |
|
|a Biblioteca de derecho civil
|
| 588 |
0 |
|
|a Online resource; title from PDF title page (Digitalia, viewed December 3, 2025)
|
| 650 |
|
0 |
|a Older people
|x Legal status, laws, etc.
|
| 650 |
|
0 |
|a Domestic relations.
|
| 700 |
1 |
|
|a Pérez Gallardo, Leonardo B.,
|e editor.
|
| 700 |
1 |
|
|a Agurto Gonzáles, Carlos Antonio,
|e editor.
|
| 700 |
1 |
|
|a Quequejana Mamani, Sonia Lidia,
|e editor.
|
| 700 |
1 |
|
|a Choque Cuenca, Benigno,
|e editor.
|
| 791 |
2 |
|
|a Digitalia (Firm),
|e distributor.
|
| 793 |
0 |
|
|g Digitalia eBook Collection:
|a Ediciones Olejnik
|
| 776 |
0 |
8 |
|i Print version:
|t Personas adultas mayores.
|b Primera edición en Ediciones Olejnik.
|d Santiago, Chile : Ediciones Olejnik, 2024
|z 9789564074801
|
| 830 |
|
0 |
|a Biblioteca de derecho civil.
|
| 856 |
4 |
0 |
|3 Digitalia Hispánica
|u https://www.digitaliapublishing.com/a/158056/
|
| 910 |
|
|
|a Premium collection: 2025
|